000 00714nam a2200253Ia 4500
003 OSt
005 20220925223306.0
006 a|||||r|||| 00| 0
007 ta
008 220923b |||||||| |||| 00| 0 eng d
020 _a0415023432
037 _cGeneral Book
040 _aRTL
_cRTL
_beng
041 _2eng
_aeng
082 _aX:515:(B), N2
100 _aGoss Barry A Ed.
_9279503
245 0 _aRational expectations and efficiency in future mar
260 _aLondon
_bRoutledge
_c1992
300 _axiii,237p
_ccm.
500 _aBibliography chapterwise
650 _aSalesmanship
_9229886
942 _hX:515:(B), N2
_cGB
_2CC
999 _c579144
_d579144